الوصية / (رقم التسجيلة. 139854)

تفاصيل مارك
000 -الفاتح
عناصر البيانات ثابتة الطول 00575cam a2200193 i 4500
005 - تاريخ ووقت آخر معاملة
حقل ضبط 20251110121927.0
008 - عناصر البيانات ثابتة الطول
عناصر البيانات ثابتة الطول 250721s2019 ua gr 000 0 ara d
020 ## - الترقيم الدولي المعياري للكتب (ردمك)
الترقيم الدولي المعياري للكتب (ردمك) 9778061505
082 14 - رقم تصنيف ديوي العشري
رقم التصنيف 158
رقم المادة ه ي ك
100 1# - مدخل رئيسي – اسم شخصي
الاسم الشخصي هيكل، حسام
علاقة الشخص بالعمل/ دوره مؤلف.
245 10 - بيان العنوان
العنوان الوصية /
بيان المسؤولية حسام هيكل.
250 ## - بيان الطبعة
بيان الطبعة الطبعة الأولى.
264 31 - بيانات النشر، التوزيع…إلخ
مكان النشر، التوزيع...إلخ القاهرة :
اسم الناشر، الموزع...إلخ دار دون،
تاريخ النشر، التوزيع...إلخ 2019.
300 ## - الوصف المادي
عدد الوحدات المكونة للوعاء 160 صفحة.
650 17 - مدخل إضافي بالموضوع - مصطلح موضوعي
مصطلح موضوعي أو اسم جغرافي كعنصر مدخل علم النفس التطبيقي.
650 17 - مدخل إضافي بالموضوع - مصطلح موضوعي
مصطلح موضوعي أو اسم جغرافي كعنصر مدخل السعادة.
942 ## - بيانات إضافية (كوها)
نوع التنصيف Dewey Decimal Classification
نوع المادة (كوها) كتب
المقتنيات
حالة السحب حالة الفقدان مصدر التصنيف حالة التلف غير قابل للإعارة المكتبة الرئيسية المكتبة الحالية موقع الرف تاريخ التزويد الرقم المتسلسل Total Checkouts رقم الإستدعاء الباركود تاريخ آخر ظهور تاريخ الفاتورة نوع المادة (كوها)
    Dewey Decimal Classification     المكتبة المركزية المكتبة المركزية الإعارة 28/07/2025 1704288   158 / ه ي ك PLD00448686 28/07/2025 28/07/2025 كتب
    Dewey Decimal Classification     مكتبة أبو علندا العامة مكتبة أبو علندا العامة الإعارة 08/10/2019 1704291   158/هيك PLD00470709 28/07/2025 08/10/2019 كتب
    Dewey Decimal Classification     مكتبة الجويدة مكتبة الجويدة الإعارة 08/10/2019 1704292   158/هيك PLD00470712 28/07/2025 08/10/2019 كتب
    Dewey Decimal Classification     مكتبة الحسن العامة مكتبة الحسن العامة الإعارة 08/10/2019 1704290   158/هيك PLD00470708 28/07/2025 08/10/2019 كتب
    Dewey Decimal Classification     مكتبة صويلح العامة مكتبة صويلح العامة الإعارة 08/10/2019 1704289   158/هيك PLD00470707 28/07/2025 08/10/2019 كتب
Implemented & Customized by: BBB with SCIT (Smart Chains for Information Technology)

Powered by Koha